[Event "Leverkusen-ch op"]
[Site "Leverkusen"]
[Date "2010.01.18"]
[Round "1"]
[White "Balduan, Karl Heinz"]
[Black "Schimpf, Rolf"]
[Result "1-0"]
[WhiteElo "1490"]
[BlackElo "2046"]
[PlyCount "50"]
[EventDate "2010.01.18"]
[EventType "swiss"]
[EventRounds "7"]
[EventCountry "GER"]
[SourceTitle "EXT 2011"]
[Source "ChessBase"]
[SourceDate "2010.11.26"]
[SourceVersion "1"]
[SourceVersionDate "2010.11.26"]
[SourceQuality "1"]

1. d4 Nf6 2. Nf3 e6 3. Bf4 b6 4. e3 Bb7 5. Nbd2 Be7 6. c3 0-0 7. Bd3 d5 8. Qc2 h6 9. h3 c5 10. g4 Ne8 11. h4 cxd4 12. exd4 Bd6 13. Be3 Ba6 14. 0-0-0 Bxd3 15. Qxd3 Nc6 16. h5 f6 17. Rdg1 Be7 18. Qg6 Kh8 19. Bxh6 gxh6 20. Qxh6+ Kg8 21. Qg6+ Kh8 22. g5 f5 23. Qh6+ Kg8 24. Qxe6+ Kh8 25. Qh6+ Kg8 1-0

[Event "Leverkusen-ch op"]
[Site "Leverkusen"]
[Date "2009.01.12"]
[Round "1"]
[White "Balduan, Karl Heinz"]
[Black "Schimpf, Rolf"]
[Result "1-0"]
[WhiteElo "1464"]
[BlackElo "1763"]
[PlyCount "109"]
[EventDate "2009.01.12"]
[EventType "swiss"]
[EventRounds "7"]
[EventCountry "GER"]
[SourceTitle "EXT 2010"]
[Source "ChessBase"]
[SourceDate "2010.11.25"]
[SourceVersion "1"]
[SourceVersionDate "2010.11.25"]
[SourceQuality "1"]

1. d4 f5 2. Bg5 d6 3. e3 c6 4. Bc4 d5 5. Bd3 g6 6. h4 h6 7. Bf4 Bg7 8. g4 e6 9. gxf5 exf5 10. h5 g5 11. Bxb8 Rxb8 12. Qf3 Ne7 13. Qg3 Be6 14. Nh3 0-0 15. Nxg5 hxg5 16. Qxg5 Nc8 17. Qg3 Qd6 18. f4 Kh8 19. h6 Bf6 20. Nd2 Rg8 21. Qh3 Ne7 22. Nf3 Qb4+ 23. Kf2 Rg4 24. a3 Qxb2 25. Rab1 Qxa3 26. h7 Qd6 27. Qh5 Rg6 28. Rhg1 Rxg1 29. Rxg1 Rf8 30. Ne5 Qd8 31. Qh6 Qe8 32. Be2 Bxe5 33. dxe5 Rf7 34. Bh5 Qf8 35. Rg8+ Nxg8 36. hxg8Q+ Kxg8 37. Qxe6 Qe7 38. Bxf7+ Qxf7 39. Qc8+ Kg7 40. Ke2 Qe7 41. Qxf5 b5 42. Kd3 c5 43. e6 a5 44. Qxd5 c4+ 45. Kc3 Qb4+ 46. Kd4 Qd2+ 47. Kc5 Qxd5+ 48. Kxd5 Kf8 49. Kd6 Ke8 50. f5 a4 51. f6 a3 52. f7+ Kf8 53. Kd7 a2 54. e7+ Kxf7 55. e8Q+ 1-0

[Event "Leverkusen-ch op"]
[Site "Leverkusen"]
[Date "2008.02.25"]
[Round "4"]
[White "Ljuboschiz, Alexander"]
[Black "Schimpf, Rolf"]
[Result "1-0"]
[WhiteElo "2141"]
[BlackElo "1811"]
[PlyCount "63"]
[EventDate "2008.01.14"]
[EventType "swiss"]
[EventRounds "7"]
[EventCountry "GER"]
[SourceTitle "EXT 2010"]
[Source "ChessBase"]
[SourceDate "2010.11.25"]
[SourceVersion "1"]
[SourceVersionDate "2010.11.25"]
[SourceQuality "1"]

1. e4 d5 2. exd5 Qxd5 3. Nc3 Qa5 4. d4 c6 5. Nf3 Nf6 6. Bd2 Qc7 7. Bc4 Bf5 8. Ne5 e6 9. g4 Bg6 10. h4 Be4 11. Nxe4 Nxe4 12. Bf4 Nd6 13. Bb3 Nd7 14. Qe2 Nxe5 15. Bxe5 0-0-0 16. 0-0-0 Qd7 17. c4 f6 18. Bg3 Ne8 19. c5 Nc7 20. Bxc7 Qxc7 21. Bxe6+ Kb8 22. Rhe1 g6 23. Qf3 Bh6+ 24. Kb1 Bf4 25. Re4 g5 26. Bf5 Rhe8 27. h5 Re7 28. Rde1 Rxe4 29. Qxe4 h6 30. Qe6 Rxd4 31. Qg8+ Rd8 32. Re8 1-0

[Event "Leverkusen-ch op"]
[Site "Leverkusen"]
[Date "2007.03.26"]
[Round "7"]
[White "Negele, Michael"]
[Black "Schimpf, Rolf"]
[Result "1-0"]
[WhiteElo "2245"]
[BlackElo "2058"]
[PlyCount "53"]
[EventDate "2007.01.08"]
[EventType "swiss"]
[EventRounds "7"]
[EventCountry "GER"]
[SourceTitle "EXT 2008"]
[Source "ChessBase"]
[SourceDate "2007.11.25"]
[SourceVersion "1"]
[SourceVersionDate "2007.11.25"]
[SourceQuality "1"]

1. d4 d5 2. Nc3 c6 3. e4 dxe4 4. Nxe4 Nd7 5. Bd3 Ngf6 6. Ng5 e6 7. Qe2 h6 8. Nxe6 fxe6 9. Bg6+ Ke7 10. Bd2 Qb6 11. Nf3 c5 12. dxc5 Nxc5 13. 0-0 Bd7 14. Ne5 Be8 15. Be3 Qc7 16. Bf4 Qb6 17. Rfd1 Ncd7 18. Nc4 Qc6 19. Rd6 Bxg6 20. Qxe6+ Kd8 21. Rxc6 bxc6 22. Ne5 Nxe5 23. Bxe5 Nd7 24. Bc3 Be8 25. Qxc6 Nb6 26. Rd1+ Bd7 27. Rxd7+ 1-0

[Event "Leverkusen-ch 15th"]
[Site "Leverkusen"]
[Date "2003.01.20"]
[Round "2"]
[White "Schimpf, Rolf"]
[Black "Peschel, Andreas"]
[Result "0-1"]
[WhiteElo "1872"]
[BlackElo "2115"]
[PlyCount "78"]
[EventDate "2003.01.06"]
[EventType "swiss"]
[EventRounds "9"]
[EventCountry "GER"]
[SourceTitle "EXT 2006"]
[Source "ChessBase"]
[SourceDate "2005.11.24"]
[SourceVersion "1"]
[SourceVersionDate "2005.11.24"]
[SourceQuality "1"]

1. c4 e6 2. Nc3 d5 3. d4 c6 4. Nf3 Nf6 5. Bg5 h6 6. Bh4 dxc4 7. e3 b5 8. a4 Bb4 9. Nd2 Bb7 10. Qf3 g5 11. Bg3 g4 12. Qf4 Nbd7 13. Bh4 a6 14. Nde4 Nd5 15. Bxd8 Nxf4 16. Bh4 Nd5 17. Kd2 f5 18. Ng3 c5 19. Kc2 cxd4 20. exd4 Bxc3 21. bxc3 Nf4 22. Ne2 Be4+ 23. Kd2 Nxe2 24. Kxe2 Kf7 25. f3 gxf3+ 26. gxf3 Bc2 27. axb5 axb5 28. Bg2 f4 29. Kd2 Bf5 30. Rhe1 Nb6 31. Bf2 Nd5 32. Rec1 b4 33. cxb4 c3+ 34. Kd1 Nxb4 35. Rxa8 Rxa8 36. Bf1 Na2 37. Ra1 c2+ 38. Kd2 c1Q+ 39. Rxc1 Nxc1 0-1